1916 1766 1353 1928 1039 1442 1436 1264 1321 1334 1896 1779 1004 1479 1180 1180 1742 1380 1741 1032 1227 1843 1384 1761 1688 1078 1788 1271 1586 1766 1517 1863 1893 1354 1551 1414 1862 1442 1363 1951 1297 1633 1887 1877 1654 1240 1588 1431 1345 1113 1173 1675 1784 1280 1318 1197 1261 1701 1735 1621 1219 1561 1964 1288 1778 1205 1929 1986 1997 1859 1497 1931 1887 1907 1209 1009 1388 1237 1562 1662 1926 1290 1747 1566 1542 1058 1481 1797 1621 1989 1230 1259 1569 1971 1021 1471 1499 1802 1037 BCNSPRNW ULIB Ver.6.0+V

เปลี่ยนเป็นภาษาไทย

Change to English
 แสดงรายละเอียดบรรณานุกรม
  กลับหน้าหลัก

Brief Record : Get Marc (ISO 2709) : E-mail record : QR code < ปิดหน้าต่าง
LEADER : 00000nam 2200000uu 4500
001    13399113488
003     ULIB
008    110627s2551||||th 000 0 tha d
020    9789743038372
090    นว.^bอ916ท 2551
100 0  เอสพรินซ์โซ่
245 00 ท้ารบประชันรักกับดักหัวใจ/^cเอสพรินซ์โซ่
250    พิมพ์ครั้งที่ 1
260    กรุงเทพฯ :^bชีส พับลิชชิ่ง,^c2551
300    193 หน้า
710 1  ชีส พับลิชชิ่ง
945    ^p158^l0^i027764
995    ทศพร
999 ^a ใช้งานได้ทุกระบบ
รายการนี้ยังไม่มีแท็ก
คุณยังไม่ได้ล็อกอิน คุณสามารถมีกิจกรรมร่วมกับเว็บไซต์ได้ แต่ต้องล็อกอินก่อน ::
  ล็อกอิน

รายการสื่อสารสนเทศ

ลำดับที่ ประเภท เลขเรียก/บาร์โค้ด สถานที่ สถานะ
1. นวนิยาย
นวนิยาย
นว. อ916ท 2551 ฉ.1 
  Barcode: 027764
ห้องสมุดวิทยาเขตสวรรค์ประชารักษ์
►นวนิยาย
บนชั้น
  ขอยืม

BibComment


ยังไม่เคยถูกคอมเมนท์

คอมเมนท์ทรัพยากรรายการนี้
  คอมเมนท์: ท้ารบประชันรักกับ..


 Copyright 2026. Bcnsprnw @Library